Transportation Engineering Vol.I (Record no. 169495)

MARC details
000 -LEADER
fixed length control field 00472nam a2200193Ia 4500
008 - FIXED-LENGTH DATA ELEMENTS--GENERAL INFORMATION
fixed length control field 240823s9999||||xx |||||||||||||| ||und||
082 ## - DEWEY DECIMAL CLASSIFICATION NUMBER
-- 623.8364 P1
100 ## - MAIN ENTRY--PERSONAL NAME
Personal name Vazirani V N
245 #0 - TITLE STATEMENT
Title Transportation Engineering Vol.I
250 ## - EDITION STATEMENT
Edition statement 5th
260 ## - PUBLICATION, DISTRIBUTION, ETC. (IMPRINT)
Date of publication, distribution, etc 2001
Name of publisher, distributor, etc "Khanna Publishders,"
Place of publication, distribution, etc New Delhi
500 ## - GENERAL NOTE
General note YES
650 ## - SUBJECT ADDED ENTRY--TOPICAL TERM
Topical term or geographic name as entry element Transport
700 ## - ADDED ENTRY--PERSONAL NAME
Personal name Chandola S P
942 ## - ADDED ENTRY ELEMENTS (KOHA)
Item type Books
Holdings
Withdrawn status Lost status Damaged status Permanent location Current location Shelving location Date acquired Source of acquisition Cost, normal purchase price Full call number Barcode Date last seen Koha item type
      CENTRAL LIBRARY, NOORUL ISLAM CENTRE FOR HIGHER EDUCATION CENTRAL LIBRARY, NOORUL ISLAM CENTRE FOR HIGHER EDUCATION   02/05/2005 Higginbothams Private Ltd 150.00 623.8364 P1 23811 08/23/2024 Books
Visitors:
Copyright © 2024 Central Library NICHE.  All rights reserved.